000
00313nam a22001457a 4500
008
230427b ||||| |||| 00| 0 eng d
020
_a
9780978593117
041
_a
eng
080
_a
91
082
_a
91WIT
100
_a
19
101
_a
GJEO
245
_a
OUR UNDISCOVERS UNIVERSE
_c
WITT .T
942
_2
udc
_c
BK
999
_c
59625
_d
59625